| 000 | 01247nam a2200289Ia 4500 | ||
|---|---|---|---|
| 999 |
_c54183 _d54183 |
||
| 001 | 21239 | ||
| 003 | GE_BSU | ||
| 005 | 20211007133244.0 | ||
| 008 | 181216s2013||||ge |||||||||||||| ||geo|| | ||
| 020 | _a9789941132766 | ||
| 040 | _cGE_BSU | ||
| 041 | _ageo | ||
| 080 | _a631.44(075.8) უ-62 | ||
| 100 |
_aურუშაძე, თენგიზ _912621 |
||
| 245 |
_aნიადაგების კლასიფიკაცია : _bსახელმძღვ. / _cთენგიზ ურუშაძე ; რედ. ლია მაჭავარიანი. |
||
| 264 |
_aთბილისი : _bთბილ. უნ-ტის გამ-ბა, _c2013. |
||
| 300 |
_a200 გვ. ; _c25 სმ. |
||
| 501 | _aტერმინთა ლექსიკონი : გვ. 186-197 | ||
| 504 | _aბიბლიოგრაფია გვ. 198 | ||
| 541 | _h16 ლ. | ||
| 653 | _aნიადაგების კლასიფიკაცია | ||
| 653 | _aნიადაგმცოდნეობა | ||
| 653 | _aსოფლის მეურნეობა | ||
| 700 |
_aმაჭავარიანი, ლია _eრედაქტორი _96752 |
||
| 710 |
_a თსუ _912622 |
||
| 942 |
_cBK _2udc |
||